<?xml version="1.0" encoding="UTF-8"?>
<record
    xmlns:xsi="http://www.w3.org/2001/XMLSchema-instance"
    xsi:schemaLocation="http://www.loc.gov/MARC21/slim http://www.loc.gov/standards/marcxml/schema/MARC21slim.xsd"
    xmlns="http://www.loc.gov/MARC21/slim">

  <leader>02947nam a2200301uu 4500</leader>
  <controlfield tag="001">1275723</controlfield>
  <controlfield tag="005">20260508072256.0</controlfield>
  <controlfield tag="008">120309s2005                        spa  </controlfield>
  <datafield tag="020" ind1=" " ind2=" ">
    <subfield code="a">9788420543727</subfield>
  </datafield>
  <datafield tag="035" ind1=" " ind2=" ">
    <subfield code="a">1275723</subfield>
  </datafield>
  <datafield tag="040" ind1=" " ind2=" ">
    <subfield code="c">comduadb</subfield>
  </datafield>
  <datafield tag="041" ind1=" " ind2=" ">
    <subfield code="a">spa</subfield>
  </datafield>
  <datafield tag="082" ind1=" " ind2="4">
    <subfield code="a">658</subfield>
  </datafield>
  <datafield tag="100" ind1="1" ind2="0">
    <subfield code="a">Juan Vigaray, Maria Dolores de</subfield>
    <subfield code="4">aut</subfield>
    <subfield code="e">aut</subfield>
    <subfield code="9">405373</subfield>
  </datafield>
  <datafield tag="245" ind1="1" ind2="0">
    <subfield code="a">Comercializaci&#xF3;n y retailing : distribuci&#xF3;n comercial aplicada</subfield>
  </datafield>
  <datafield tag="260" ind1=" " ind2=" ">
    <subfield code="a">Madrid :</subfield>
    <subfield code="b">Pearson/Prentice Hall,</subfield>
    <subfield code="c">2005.</subfield>
  </datafield>
  <datafield tag="300" ind1=" " ind2=" ">
    <subfield code="a">xix, 398 p.</subfield>
  </datafield>
  <datafield tag="505" ind1=" " ind2=" ">
    <subfield code="a">Contenidos: . -- Parte I. Comercializaci&#xF3;n. -- Cap&#xED;tulo 1. La Distribuci&#xF3;n Comercial. -- Cap&#xED;tulo 2. Dise&#xF1;o y elecci&#xF3;n del canal de distribuci&#xF3;n. -- Cap&#xED;tulo 3. Din&#xE1;mica de los canales. -- Parte II. Formatos Comerciales. -- Cap&#xED;tulo 4. Formatos comerciales: Fabricantes y mayoristas. -- Cap&#xED;tulo 5. Formatos comerciales minoristas (I). -- Cap&#xED;tulo 6. Formatos comerciales minoristas (II). -- Parte III. Retailing. -- Cap&#xED;tulo 7. Planificaci&#xF3;n de la gesti&#xF3;n y direcci&#xF3;n minorista. -- Cap&#xED;tulo 8. Comportamiento de ir de compras al consumidor. -- Cap&#xED;tulo 9. Aspectos &#xE9;ticos y legales del comercio minorista. -- Cap&#xED;tulo 10. Estrategia financiera minorista. -- Cap&#xED;tulo 11. Estrategia de localizaci&#xF3;n minorista. -- Cap&#xED;tulo 12. Estrategia de log&#xED;stica minorista. -- Cap&#xED;tulo 13. Merchandising. -- Cap&#xED;tulo 14. El servicio al cliente en el comercio minorista. -- Cap&#xED;tulo 15. Evaluaci&#xF3;n, implementaci&#xF3;n y control de la gesti&#xF3;n y direcci&#xF3;n minorista. -- Parte IV. Casos pr&#xE1;cticos.</subfield>
  </datafield>
  <datafield tag="520" ind1="3" ind2=" ">
    <subfield code="a">La importancia de la Distribuci&#xF3;n Comercial dentro de los planes de estudios en carreras como LADE y E.U. Empresariales y en la gran mayor&#xED;a de las Escuelas de Negocios y ante la escasez de manuales actuales y adaptados a la asignatura, nos ha hecho decidirnos por publicar un manual de Distribuci&#xF3;n Comercial de una autora de la Universidad de Alicante y con gran experiencia y formaci&#xF3;n en este tema. El libro se estructura en cuatro partes: La primera parte, Comercializaci&#xF3;n, recoge los temas orientados desde la perspectiva del fabricante. La segunda parte, Formatos de Distribuci&#xF3;n comercial en sus versiones de fabricantes y mayorista, minoristas con establecimiento y minoristas sin tienda. La tercera parte Retailing, orientada desde la perspectiva minorista. La cuarta y &#xFA;ltima parte del libro recoge los Casos Pr&#xE1;cticos relacionados con los aspectos te&#xF3;ricos presentados a lo largo del manual, d&#xE1;ndole al libro un enfoque adem&#xE1;s de te&#xF3;rico, pr&#xE1;ctico, aspecto importante en estos manuales.</subfield>
  </datafield>
  <datafield tag="650" ind1=" " ind2="7">
    <subfield code="a">Mercadeo</subfield>
    <subfield code="2">lemb</subfield>
    <subfield code="9">1171</subfield>
  </datafield>
  <datafield tag="650" ind1=" " ind2=" ">
    <subfield code="a">Comercio al por menor</subfield>
    <subfield code="9">120176</subfield>
  </datafield>
  <datafield tag="650" ind1=" " ind2=" ">
    <subfield code="a">Mercanc&#xED;as - Comercio</subfield>
    <subfield code="9">74780</subfield>
  </datafield>
  <datafield tag="650" ind1=" " ind2="7">
    <subfield code="a">Comercio minorista</subfield>
    <subfield code="2">lemb</subfield>
    <subfield code="9">39727</subfield>
  </datafield>
  <datafield tag="650" ind1=" " ind2="7">
    <subfield code="a">Canales de comercializaci&#xF3;n</subfield>
    <subfield code="2">lemb</subfield>
    <subfield code="9">116437</subfield>
  </datafield>
  <datafield tag="650" ind1=" " ind2="7">
    <subfield code="a">Distribuci&#xF3;n f&#xED;sica de mercanc&#xED;as</subfield>
    <subfield code="2">lemb</subfield>
    <subfield code="9">18412</subfield>
  </datafield>
  <datafield tag="700" ind1="1" ind2="0">
    <subfield code="a">Fayerman Arag&#xF3;n, David</subfield>
    <subfield code="4">edt</subfield>
    <subfield code="e">edt</subfield>
    <subfield code="9">634775</subfield>
  </datafield>
  <datafield tag="942" ind1=" " ind2=" ">
    <subfield code="c">BOOK</subfield>
  </datafield>
  <datafield tag="999" ind1=" " ind2=" ">
    <subfield code="c">612935</subfield>
    <subfield code="d">612935</subfield>
  </datafield>
  <datafield tag="952" ind1=" " ind2=" ">
    <subfield code="0">0</subfield>
    <subfield code="1">0</subfield>
    <subfield code="4">0</subfield>
    <subfield code="7">0</subfield>
    <subfield code="8">GEN</subfield>
    <subfield code="a">BC</subfield>
    <subfield code="b">BC</subfield>
    <subfield code="d">2012-03-09</subfield>
    <subfield code="e">Casa del Libro</subfield>
    <subfield code="g">103940.00</subfield>
    <subfield code="i">C1139281</subfield>
    <subfield code="l">0</subfield>
    <subfield code="o">658.87 J91</subfield>
    <subfield code="p">806944</subfield>
    <subfield code="r">2023-05-01 00:00:00</subfield>
    <subfield code="t">1</subfield>
    <subfield code="w">2023-05-01</subfield>
    <subfield code="y">BOOK</subfield>
  </datafield>
</record>
